Statistics for My 5 Favorite Countries in Each Continent (Tournament Style)

Click here to take the quiz!

General Stats

  • This quiz has been taken 25 times
    (12 since last reset)
  • The average score is 13 of 30

Answer Stats

ContinentAnswer% Correct
North AmericaUnited States
100%
North AmericaCanada
80%
AsiaJapan
70%
South AmericaBolivia
60%
South AmericaChile
60%
North AmericaJamaica
60%
OceaniaKiribati
60%
OceaniaNew Zealand
60%
South AmericaPeru
60%
South AmericaSuriname
60%
AsiaIndonesia
50%
OceaniaPalau
50%
AsiaSingapore
50%
South AmericaUruguay
50%
North AmericaAntigua and Barbuda
40%
AfricaBotswana
40%
North AmericaHonduras
40%
AfricaNamibia
40%
OceaniaNauru
40%
OceaniaSolomon Islands
40%
AsiaSouth Korea
40%
EuropeEstonia
30%
AfricaMozambique
30%
EuropeNorway
30%
EuropeSan Marino
30%
AfricaEquatorial Guinea
20%
EuropePortugal
20%
EuropeRomania
20%
AsiaBhutan
10%
AfricaLiberia
0%

Score Distribution

Percentile by Number Answered

Percent of People with Each Score

Your Score History

You have not taken this quiz since the last reset